COACHING YOUTH FOOTBALL (Record no. 21984)

MARC details
000 -LEADER
fixed length control field 00330nam a22001577a 4500
003 - CONTROL NUMBER IDENTIFIER
control field SGT
020 ## - INTERNATIONAL STANDARD BOOK NUMBER
International Standard Book Number 9780736085663
082 ## - DEWEY DECIMAL CLASSIFICATION NUMBER
Classification number 796.3320
Item number C10G
100 ## - MAIN ENTRY--PERSONAL NAME
Personal name GALAT. JOE
245 ## - TITLE STATEMENT
Title COACHING YOUTH FOOTBALL
250 ## - EDITION STATEMENT
Edition statement 5TH
260 ## - PUBLICATION, DISTRIBUTION, ETC. (IMPRINT)
Place of publication, distribution, etc U.K
Name of publisher, distributor, etc HUMAN KINETICS
Year of Publication 2010
300 ## - PAGE DESCRIPTION
No. of Pages 231
650 ## - SUBJECT ADDED ENTRY--TOPICAL TERM
Topical term or geographic name as entry element SPORTS
942 ## - ADDED ENTRY ELEMENTS (KOHA)
Source of classification or shelving scheme Dewey Decimal Classification
Koha item type Books
Holdings
Withdrawn status Lost status Source of classification or shelving scheme Damaged status Not for loan Collection code Home library Current library Shelving location Date acquired Vendor Name Volume Information (Serial or Books or Non-Book Material) SGTU Bill Number Total Checkouts Full call number Accession No. (Barcode) Date last seen Bill Date Koha item type
    Dewey Decimal Classification   Not For Loan MEDICAL SGT Medical Library SGT Medical Library Reference Book 02/11/2021 ABC DELHI D-17.95 SGTU 13417   796.3320 C10G FM12593 02/11/2021   Books
    Dewey Decimal Classification   Not For Loan MEDICAL SGT Medical Library SGT Medical Library Reference Book 02/11/2021 ABC DELHI D-17.95 SGTU 13417   796.3320 C10G FM12594 02/11/2021   Books